000 00995nac a22003257a 4500
001 BR0803159
003 BR-BrBNA
005 20240105123544.0
008 230509b bl.|||m| |||| 00| 0 por d
040 _aBR-BrBNA
_bpor
_cBiblioteca Nacional de Agricultura
072 _aL73; L53
090 _a5300 BR0803159
100 1 _aSilveira, P.R. da
100 1 _aBuzato, A.M.
100 1 _aCabral, H.C.
100 1 _aAmaral, A.L. do
100 1 _aZanella, E.
110 1 _aEMBRAPA Suínos e Aves, Concórdia, SC (Brasil)
245 1 _aRelação entre infecção urinária e problemas puerperais em porcas
260 3 _aConcórdia, SC (Brasil):
_c2006.
300 _a4 p.
490 _aComunicado Técnico - EMBRAPA Suínos e Aves (Brazil)
_vno. 433
_xISSN 0100-8862
500 _a11 ref.
650 _aPORCA
650 _aINFECÇÃO
650 _aAPARELHO URINÁRIO
650 _aREPRODUÇÃO ANIMAL
909 _a202312
_bLúcia Elande
_c55
_dLúcia Elande
942 _2AGRIS
_n0
_cMS
999 _c295980
_d295980